000 00440nam a2200181Ia 4500
001 10605
005 20260306161844.0
008 260306t2016||||xx |||||||||||||| ||spa||
041 _aESP
082 _a944.04
_bB94 2016
100 _aBurke, Edmund
_eAUT
245 0 _aReflexiones sobre la revolución en Francia
260 _c2016
300 _a393 pƔginas :
_c18 cm.
650 _aGEN
654 _aCHU
942 _cLIB
_dJUS
_fJUS
_2ddc
_n
999 _c10605
_d10605